| 000 | 00596nam a2200217 a 4500 | ||
|---|---|---|---|
| 003 | DO-SdBNP | ||
| 005 | 20221025090641.0 | ||
| 007 | ta | ||
| 008 | 221024e1989 es ao||grc||| 000 0 ltz d | ||
| 020 | _a2858505306 | ||
| 040 |
_aDO-SdBNP _bspa _cBNPHU |
||
| 041 | _hltz | ||
| 082 | 4 |
_222 _bE21p |
|
| 245 | 0 | 0 |
_aEd Paschke. / _cTraductor, Jacques Demarcq |
| 260 |
_aParís : _bCentro Goerges Pompidou, _c1989 |
||
| 300 |
_a109 p. : _bil., fotogr. ; _c27 cm. |
||
| 650 | 4 |
_976639 _aArte _vExposiciones _vCatálogos |
|
| 700 | 1 |
_aDemarcq,Jacques _etrad. _982581 |
|
| 910 | _aMFeliz | ||
| 942 |
_2ddc _cLBS1 |
||
| 999 |
_c52624 _d52624 |
||